000 00840nam a2200241 i 4500
001 000048879
003 DO-SdBNP
005 20250925140058.0
007 ta
008 110613s2014 dr d r 000 | spa d
040 _aDO-SdBNP
_bspa
_cBNPHU
_erda
082 4 _bR426c
_222
110 1 _aRepública Dominicana
_bMinisterio de Administración Pública
_965952
245 1 0 _aFormación de equipos de autoevaluadores para mejoramiento de la calidad en las insitituciones de la Aministración Pública :
_b(marco común de evaluación).
260 _aSanto Domingo :
_b(MAP),
_c2014.
264 _aSanto Domingo :
_bMAP,
_c2014
300 _a53 páginas ;
_c28 cm.
336 _2rdacontent
_atexto
_btxt
337 _2rdamedia
_asin mediación
_bn
338 _2rdacarrier
_avolumen
_bnc
590 _aInventariado, 2019/VM
942 _2ddc
_cLBS1
999 _c48367
_d48367